| 000 | 02276cam a22004457a 4500 | ||
|---|---|---|---|
| 001 | 16125091 | ||
| 003 | OSt | ||
| 005 | 20170105103507.0 | ||
| 008 | 091216s2010 ii ab b 100 0 eng d | ||
| 010 | _a 2010316733 | ||
| 020 | _a9788170356363 | ||
| 020 | _a8170356369 | ||
| 025 | _aI-E-2010-316733; 50-91 | ||
| 035 | _a(OCoLC)493993551 | ||
| 035 | _a(OCoLC)ocn493993551 | ||
| 037 |
_aLibrary of Congress -- New Delhi Overseas Office _cRs1200.00 ($60.00 U.S.) |
||
| 040 |
_aDKAGE _beng _cASAB _dASAB |
||
| 042 |
_alccopycat _alcode |
||
| 043 | _aa------ | ||
| 050 | 0 | 0 |
_aTD897.8.A7 _bC54 2010 |
| 082 | 0 | 4 |
_a363.728095 _222 |
| 245 | 0 | 0 |
_aCleaner production and energy conservation for sustainable development / _ceditors, Jurgis Staniškis, C. Jayaraman. |
| 260 |
_aNew Delhi : _bCentre for Science & Technology of the Non-Aligned and Other Developing Countries ; _aDelhi : _bDaya Pub. House, _c2010. |
||
| 300 |
_axvii, 288 p. : _bill. (some col.), maps (chiefly col.) ; _c25 cm. |
||
| 504 | _aIncludes bibliographical references. | ||
| 505 | 0 | _apt. 1. Energy policies and strategies -- pt. 2. Cleaner production -- pt. 3. Renewable energy -- pt. 4. Energy efficiency -- pt. 5. Case studies. | |
| 520 | _aPapers presented at an international workshop on "Cleaner Production and Energy Conservation for Sustainability", held at Kochi during 24-26 June 2008 organized by Centre for Science & Technology of the Non-Aligned and Other Developing Countries jointly with the Society of Energy Engineers and Managers. | ||
| 650 | 0 |
_aManufacturing industries _xEnvironmental aspects _zAsia _vCongresses. _91035 |
|
| 650 | 0 |
_aFactory and trade waste _xEnvironmental aspects _zAsia _vCongresses. _91036 |
|
| 650 | 0 |
_aEnergy conservation _zAsia _vCongresses. _91037 |
|
| 650 | 0 |
_aEnergy policy _zAsia _vCongresses. _91038 |
|
| 650 | 0 |
_aSustainable development _zAsia _vCongresses. _91039 |
|
| 700 | 1 |
_aStaniškis, Jurgis Kazimieras. _91040 |
|
| 700 | 1 |
_aJayaraman, C. _91041 |
|
| 710 | 2 |
_aCentre for Science and Technology of the Non-Aligned and Other Developing Countries. _91042 |
|
| 710 | 2 |
_aSociety of Energy Engineers and Managers (India) _91043 |
|
| 906 |
_a7 _bcbc _ccopycat _d3 _encip _f20 _gy-gencatlg |
||
| 942 |
_2ddc _cBK |
||
| 999 |
_c17299 _d17299 |
||